Getting ahead : a communication skills course for business English with answers (Student's book) /

Introductions and greetings; Occupations; Companies; The place of work; Revision and consolidation; ...

Zapisane w:
Opis bibliograficzny
1. autor: Jones-Macziola, Sarah.
Korporacja: Ban biên dịch First News.
Kolejni autorzy: Lê Ngọc Phương Anh, MA. (chú giải.)
Format: Książka
Język:English
Wydane: Đà Nẵng : Nxb Đà Nẵng, 2003.
Wydanie:2nd ed.
Seria:Tiếng Anh trong giao dịch thương mại.
Hasła przedmiotowe:
Etykiety: Dodaj etykietę
Nie ma etykietki, Dołącz pierwszą etykiete!
Thư viện lưu trữ: Mạng thư viện Đại học Đà Nẵng
LEADER 01513cam a22003851a 4500
001 000035646
003 11933
005 20240822093211.0
008 160318s2003 000 eng
020 |c 21000 
040 |a lnn  |c lnn  |d lnn 
041 0 |a eng 
082 1 4 |a 420  |b JO-S 
100 1 |a Jones-Macziola, Sarah. 
245 1 0 |a Getting ahead :  |b a communication skills course for business English with answers (Student's book) /  |c Sarah Jones-Macziola ; Chú giải: Lê Ngọc Phương Anh, Ban biên dịch First News. 
250 |a 2nd ed. 
260 |a Đà Nẵng :  |b Nxb Đà Nẵng,  |c 2003. 
300 |a 78 tr. :  |b ill. ;  |c 20.5 cm. 
440 0 |a Tiếng Anh trong giao dịch thương mại. 
520 3 |a Introductions and greetings; Occupations; Companies; The place of work; Revision and consolidation; ... 
630 0 4 |a English language. 
630 0 4 |a Business English. 
650 0 4 |a English language  |x Business language. 
700 1 |a Lê Ngọc Phương Anh,  |c MA.,  |e chú giải. 
710 2 |a Ban biên dịch First News. 
OWN |a LNN 
AVA |a UDN50  |b LNN  |c English  |d 420 JO-S  |e available  |t Error 5001 Not defined in file expand_doc_bib_avail.  |f 4  |g 0  |h N  |i 0  |j AN 
999 |a From the UDN01 
AVA |a UDN50  |b LNN  |c English  |d 420 JO-S  |e available  |t Error 5001 Not defined in file expand_doc_bib_avail.  |f 4  |g 0  |h N  |i 0  |j AN 
TYP |a Monograph 
TYP |a Printed language 
980 |a Mạng thư viện Đại học Đà Nẵng